000 00332nam a2200133Ia 4500
008 191201s2007 xx 000 0 und d
082 _a658.5
_bMAO
100 _aMAHADEVAN, B
245 0 _aOperations Management: Theory and Practice
260 _aN.Delhi
_bPearson Education
_c2007
300 _a-
650 _aMBA
942 _2ddc
_cBK
999 _c2986
_d2986